000 00732nam a2200229Ia 4500
008 191130s2009##################000#0#eng##
020 _a9783631595633
022 _a2010288136
040 _aACL
_cACL
082 _a340.1094 ZIR
100 _aZirk-Sadowski, Marek
245 _aMulticentrism as an emerging paradigm in legal theory
_cMarek Zirk-Sadowski, Mariusz Golecki, Bartosz Wojciechowski (eds.)
260 _aBern
_bPeter Lang
_cc2009
300 _a309 p. ; 22 cm
500 _aIncludes bibliographical references
650 _aLegal polycentricity - Europe
700 _aGolecki, Mariusz J
700 _aWojciechowski, Bartosz
990 _a6eb85bb0ac10000c55428ff5ce190463
991 _a312000
999 _c15894
_d15894